书目信息 |
| 题名: |
生态景观与建筑艺术
|
|
| 作者: | 李计忠 著 | |
| 分册: | ||
| 出版信息: | 北京 团结出版社 2016.3 |
|
| 页数: | 361页 | |
| 开本: | 24cm | |
| 丛书名: | ||
| 单 册: | ||
| 中图分类: | TU241.02 | |
| 科图分类: | ||
| 主题词: | 住宅--室内装饰设计 | |
| 电子资源: | ||
| ISBN: | 978-7-5126-3930-0 | |
| 000 | 00990nam0 2200241 450 | |
| 001 | 0400004205 | |
| 005 | 20171023154107.0 | |
| 010 | @a978-7-5126-3930-0@dCNY48.00 | |
| 100 | @a20171023d2016 em y0chiy ea | |
| 101 | 0 | @achi |
| 102 | @aCN@b110000 | |
| 105 | @aa z 000yy | |
| 106 | @ar | |
| 200 | 1 | @a生态景观与建筑艺术@9sheng tai jing guan yu jian zhu yi shu@b专著@f李计忠著 |
| 210 | @a北京@c团结出版社@d2016.3 | |
| 215 | @a361页@c图@d24cm | |
| 314 | @a李计忠 (1953-),男,生于安徽省宿州市。周文化的优秀传人。中国著名的企业策划专家,搜狐网、新浪网“风水频道”顾问等。 | |
| 330 | @a本书以传统国学中有关古代建筑的原理,结合现代环境学、气象学知识,论述了现代人为提高居住质量,确保身体健康而对建筑提出的各种要求,分析了现代各种建筑容易出现的环境学弊端,为普通读者了解现代家居建筑奥秘提供了通俗读本。 | |
| 606 | 0 | @a住宅@x室内装饰设计 |
| 690 | @aTU241.02@v5 | |
| 701 | 0 | @a李计忠@9li ji zhong@f(1953-)@4著 |
| 801 | 0 | @aCN@b91MARC@c20171023 |
| 905 | @b1037275-9@dTU241.02@f5@e1288 | |
| 生态景观与建筑艺术/李计忠著.-北京:团结出版社,2016.3 |
| 361页:图;24cm |
| ISBN 978-7-5126-3930-0:CNY48.00 |
| 本书以传统国学中有关古代建筑的原理,结合现代环境学、气象学知识,论述了现代人为提高居住质量,确保身体健康而对建筑提出的各种要求,分析了现代各种建筑容易出现的环境学弊端,为普通读者了解现代家居建筑奥秘提供了通俗读本。 |
| ● |
| 相关链接 |
|
|
|
|
正题名:生态景观与建筑艺术
索取号:TU241.02/1288
 
预约/预借
| 序号 | 登录号 | 条形码 | 馆藏地/架位号 | 状态 | 备注 |
| 1 | 1037275 | 210372755 | 第二样本阅览室/ [索取号:TU241.02/1288] | 在馆 | |
| 2 | 1037276 | 210372764 | 密集书库-生命科学系/ [索取号:TU241.02/1288] | 在馆 | |
| 3 | 1037277 | 210372773 | 第三借阅区/ [索取号:TU241.02/1288] | 在馆 | |
| 4 | 1037278 | 210372782 | 第三借阅区/ [索取号:TU241.02/1288] | 在馆 | |
| 5 | 1037279 | 210372791 | 第三借阅区/ [索取号:TU241.02/1288] | 在馆 |